Normal view
MARC view
- Sherin Batool
Entry Personal Name
001 - CONTROL NUMBER
- control field: 73133
003 - CONTROL NUMBER IDENTIFIER
- control field: NUST
005 - DATE AND TIME OF LATEST TRANSACTION
- control field: 20210628204955.0
008 - FIXED-LENGTH DATA ELEMENTS
- fixed length control field: 210628|| aca||aabn | a|a d
040 ## - CATALOGING SOURCE
- Original cataloging agency: NUST
- Transcribing agency: NUST
100 ## - HEADING--PERSONAL NAME
- Personal name: Sherin Batool
670 ## - SOURCE DATA FOUND
- Source citation: Work cat.: (NUST): Sherin Batool , TH-SOF-1751-Convolutional Neural Network Based Steering Direction Estimation for Self-Driving Car, 2020
